000 00588nam a22002177a 4500
005 20260506121421.0
008 260506b |||||||| |||| 00| 0 eng d
020 _a9780199206391
_qhbk
041 _aeng
082 _a341.2422 BOM
100 _aBomberg, Elizabeth
245 _aThe European Union : How Does it Work?
_cElizabeth Bomberg
250 _a2nd ed.
260 _aNew York
_bOxford University Press
_c2003
300 _a269p. :
_c25cm
504 _aBib and Ref
650 _a Law of nations
700 _aJohn Peterson
700 _aAlexander Stubb
942 _cENGLISH
999 _c622630
_d622630